000 00521nam a2200157Ia 4500
001 101233
003 185019
005 20241005062607.0
008 ||||||n9999 ||| || ||
100 _aMoreno González, Sonia
_9123648
245 0 _aImplementación y puesta en funcionamiento del Banco Municipal de Programas y Proyectos de Inversión Municipal La Peña Cundinamarca
562 _e1
650 _aTESIS Y DISERTACIONES ACADÉMICAS
_9123649
650 0 _aAdministración pública
_948331
942 _cTESIS
999 _c101233
_d101233